|
|
|
|
| LEADER |
01247nam a22003134a 4500 |
| 001 |
4869 |
| 003 |
BD-DhAAL |
| 005 |
20150518101427.0 |
| 008 |
150518s2003 dcua b i001 0 eng |
| 010 |
|
|
|a 2003052538
|
| 020 |
|
|
|a 0821355317 (pbk.)
|
| 040 |
|
|
|a DLC
|c DLC
|d DLC
|d BD-DhAAL
|
| 050 |
0 |
0 |
|a RA395.S628
|b H436 2003
|
| 082 |
0 |
0 |
|a 362.1/07/2054
|2 21
|
| 245 |
0 |
0 |
|a Health policy research in South Asia :
|b building capacity for reform /
|c Abdo S. Yazbeck, David H. Peters, editors.
|
| 260 |
|
|
|a Washington, D.C. :
|b World Bank, Human Development Network,
|c c2003.
|
| 300 |
|
|
|a xxv, 428 p. :
|b ill. ;
|c 23 cm.
|
| 490 |
|
|
|a Health, nutrition, and population series
|
| 504 |
|
|
|a Includes bibliographical references and index.
|
| 541 |
|
|
|e 4869
|
| 650 |
|
0 |
|a Medical policy
|x Research
|z South Asia.
|9 11113
|
| 650 |
|
0 |
|a Medical policy
|z South Asia.
|9 11114
|
| 650 |
|
0 |
|a Health care reform
|z South Asia.
|9 11115
|
| 650 |
|
0 |
|a Public health administration
|z South Asia.
|9 11116
|
| 700 |
1 |
|
|a Yazbeck, Abdo.
|9 11117
|
| 700 |
1 |
|
|a Peters, David H.,
|d 1962-
|9 11118
|
| 942 |
|
|
|2 ddc
|c BK
|
| 999 |
|
|
|c 34432
|d 34432
|
| 952 |
|
|
|0 0
|1 0
|2 ddc
|4 0
|6 362_107205400000000_HEA
|7 0
|9 53757
|a SCL
|b SCL
|c GEN
|d 2015-05-18
|l 0
|o 362.1072054 HEA
|p 3020004869
|r 2015-05-18
|t 1
|w 2015-05-18
|y BK
|